000 00660cam a22002293a 4500
001 45200
003 PGUSA
005 20140828084032.0
008 140324s2014||||xxu|||||s|||||000 | eng d
040 _aPGUSA
_beng
042 _adc
100 1 _aFeuillet, Octave,
_d1821-1890
245 1 4 _aThe Romance of a Poor Young Man
_h[electronic resource] /
_cOctave Feuillet
260 _bProject Gutenberg,
_c2014
506 _aPublic domain in the USA.
516 _aElectronic text
700 1 _aGuilhem, Simont
700 1 _aHarland, Henry,
_d1861-1905
830 0 _aProject Gutenberg
_v45200
856 4 0 _uhttp://www.gutenberg.org/ebooks/45200
942 _cEB
999 _c274451
_d274451